Manchester United - Tous les Joueurs (2015-2026) - Statistiques

Statistiques générales
  • Ce quiz a été pris 525 fois
    153 depuis la dernière actualisation
  • Le résultat moyen est 57 sur 99
Statistiques - réponses
Matchs Période Nationalité Joueur % Correct
346 2003-2022 Portugal Cristiano Ronaldo
97%
327 2020- Portugal Bruno Fernandes
95%
545 2011-2023 Espagne David De Gea
95%
339 2009-2019 Équateur Antonio Valencia
93%
233 2011-2022 France Paul Pogba
93%
559 2004-2017 Angleterre Wayne Rooney
93%
317 2015-2024 France Anthony Martial
92%
271 2019- Angleterre Harry Maguire
91%
284 2017-2025 Suède Victor Lindelof
90%
325 2014- Angleterre Luke Shaw
89%
53 2016-2018 Suède Zlatan Ibrahimovic
89%
426 2016-2025 Angleterre Marcus Rashford
88%
160 2022- Brésil Casemiro
87%
246 2018- Portugal Diogo Dalot
86%
34 2025- Cameroun Bryan Mbeumo
83%
77 2024- Maroc Noussair Mazraoui
83%
285 2014-2022 Espagne Juan Mata
82%
110 2022- Argentine Lisandro Martinez
82%
255 2017-2024 Écosse Scott McTominay
82%
69 2024- Uruguay Manuel Ugarte
81%
45 2018-2020 Chili Alexis Sanchez
80%
97 2021- Côte d'Ivoire Amad Diallo
79%
107 2022-2025 Danemark Christian Eriksen
79%
66 2024- France Leny Yoro
79%
190 2019-2024 RDC Aaron Wan-Bissaka
78%
32 2025- Slovénie Benjamin Sesko
77%
59 2020-2022 Uruguay Edinson Cavani
77%
177 2013-2019 Belgique Marouane Fellaini
77%
35 2025- Brésil Matheus Cunha
77%
102 2023-2025 Cameroun André Onana
76%
464 2007-2018 Angleterre Michael Carrick
74%
229 2012-2023 Angleterre Phil Jones
74%
63 2016-2018 Arménie Henrikh Mkhitaryan
73%
189 2017-2022 Serbie Nemanja Matic
73%
95 2021-2024 France Raphaël Varane
73%
113 2016-2023 Côte d'Ivoire Éric Bailly
71%
102 2023- Angleterre Kobbie Mainoo
71%
105 2012-2015 Pays-Bas Robin Van Persie
71%
157 2010-2015 Mexique Chicharito
70%
96 2017-2019 Belgique Romelu Lukaku
70%
48 2025- Danemark Patrick Dorgu
68%
32 2014-2015 Argentine Angel Di Maria
67%
56 2024- Pays-Bas Matthijs De Ligt
66%
95 2023-2025 Danemark Rasmus Hojlund
66%
213 2018-2023 Brésil Fred
65%
230 2007-2015 Portugal Nani
65%
30 2023-2024 Maroc Sofyan Amrabat
65%
240 2006-2023 Irlande du Nord Jonny Evans
64%
33 2025- Belgique Senne Lammens
64%
144 2022-2025 Argentine Alejandro Garnacho
63%
74 2019-2021 Pays de Galles Daniel James
63%
83 2021-2024 Angleterre Jadon Sancho
62%
17 2023- Turquie Altay Bayindir
61%
96 2022-2025 Brésil Antony
60%
75 2024- Pays-Bas Joshua Zirkzee
60%
29 2014-2015 Colombie Radamel Falcao
58%
55 2021-2023 Suède Anthony Elanga
57%
122 2014-2021 Argentine Marcos Rojo
57%
342 2003-2015 Écosse Darren Fletcher
55%
232 2014-2022 Angleterre Jesse Lingard
55%
189 2014-2019 Espagne Ander Herrera
54%
13 2021-2024 Tunisie Hannibal Mejbri
54%
72 2023- Angleterre Mason Mount
54%
323 2010-2020 Angleterre Chris Smalling
53%
50 2022- Pays-Bas Tyrell Malacia
52%
129 2017-2024 Angleterre Mason Greenwood
48%
53 2015-2017 Pays-Bas Memphis Depay
48%
47 2015-2017 France Morgan Schneiderlin
48%
181 2007-2015 Brésil Anderson
47%
261 2011-2019 Angleterre Ashley Young
46%
62 2020-2024 Pays-Bas Donny Van de Beek
46%
18 2023 Autriche Marcel Sabitzer
46%
63 2013-2017 Belgique Adnan Januzaj
44%
35 2015-2017 Allemagne Bastian Schweinsteiger
44%
141 2014-2018 Pays-Bas Daley Blind
44%
23 2020-2021 Nigéria Odion Ighalo
43%
92 2015-2019 Italie Matteo Darmian
39%
29 2016-2023 Angleterre Dean Henderson
38%
170 2008-2015 Brésil Rafael Da Silva
37%
61 2015-2021 Argentine Sergio Romero
37%
24 2025- Angleterre Ayden Heaven
31%
31 2023 Pays-Bas Wout Weghorst
27%
75 2014-2022 Brésil Andreas Pereira
26%
37 2017-2023 Angleterre Axel Tuanzebe
26%
50 2020-2023 Brésil Alex Telles
24%
24 2020-2024 Uruguay Facundo Pellistri
23%
16 2019-2022 Curaçao Tahith Chong
19%
30 2014-2021 Pays-Bas Timothy Fosu-Mensah
17%
12 2023-2024 Espagne Sergio Reguilon
13%
79 2009-2015 Angleterre Tom Cleverley
12%
51 2019-2024 Angleterre Brandon Williams
11%
10 2017-2020 Angleterre Angel Gomes
8%
10 2023-2024 France Willy Kambwala
8%
29 2011-2015 Norvège Anders Lindegaard
5%
11 2013-2017 Uruguay Guillermo Varela
5%
20 2014-2019 Angleterre James Wilson
4%
27 2014-2016 Irlande du Nord Paddy McNair
4%
14 2015-2020 Angleterre Cameron Borthwick-Jackson
3%
12 2014-2016 Angleterre Tyler Blackett
2%
Aucun quiz correspondant
Distribution des résultats
% des personnes avec chaque résultat
Percentile par nombre de réponses
Votre historique - résultats
Vous n’avez pas pris ce quiz depuis la dernière actualisation